Jugadores de la Liga con más asistencias - Estadísticas

Estadísticas generales
  • Esta prueba ha sido intentada 451 veces
  • La puntuación promedio es 10 de 23
Estadísticas de respuestas
Temporada Jugador % Correcto
2009-10 Messi
98%
2010-11 Messi
98%
2014-15 Messi
98%
2015-16 Messi
98%
2017-18 Messi
98%
2019-20 Messi
98%
2012-13 Iniesta
83%
2008-09 Xavi
82%
2016-17 Luis Suárez
59%
2011-12 Ozil
40%
2005-06 Ronaldinho
40%
1999-00 Figo
27%
2000-01 Figo
27%
2003-04 Figo
27%
2013-14 Di María
24%
2020-21 Iago Aspas
15%
2006-07 Dani Alves
13%
2021-22 Dembelé
12%
2004-05 Joaquín
8%
2018-19 Sarabia
2%
2002-03 De Pedro
1%
2007-08 Ibagaza
1%
2001-02 Victor Sánchez
1%
No se encontraron pruebas coincidentes
Distribución de puntuación
Porcentaje de gente con cada puntuación
Porcentaje por número respondido
Historial de tus puntuaciones
No has intentado esta prueba.